000 00507nam a2200181Ia 4500
005 20250508164101.0
008 008 250505s9999 xx 000 0 eng d
037 _aTextual
040 _aFEDL
_beng
_cFEDL
041 _aeng
_2eng
084 _a370.11, VEN
_qFEDL
100 _aVenkataiah N Ed.
_9777252
245 0 _aValue education
260 _aNew Delhi, India
_bA P H Publishing Corporation
_c2002
300 _axxiv,256p.
942 _cTEXL
_h370.11, VEN
999 _c1386965
_d1386965